书目信息 |
| 题名: |
无印良品管理笔记
|
|
| 作者: | 松井忠三 著 ;刘格安 译 | |
| 分册: | ||
| 出版信息: | 北京 北京联合出版公司 2017.04 |
|
| 页数: | 183页 | |
| 开本: | 21cm | |
| 丛书名: | ||
| 单 册: | ||
| 中图分类: | F431.368 | |
| 科图分类: | ||
| 主题词: | 轻工业--qing gong ye--工业企业管理--经验--日本 | |
| 电子资源: | ||
| ISBN: | 978-7-5502-9468-4 | |
| 000 | 01145nam0 2200265 450 | |
| 001 | CAL 0120172185393 | |
| 005 | 20171211152503.18 | |
| 010 | @a978-7-5502-9468-4@b@dCNY38.00 | |
| 100 | @a20170504d2017 em y0chiy50 ea | |
| 101 | 1 | @achi@cjpn |
| 102 | @aCN@b110000 | |
| 105 | @ay z 000yy | |
| 106 | @ar | |
| 200 | 1 | @a无印良品管理笔记@Awu yin liang pin guan li bi ji@f(日) 松井忠三著@g刘格安译 |
| 210 | @a北京@c北京联合出版公司@d2017.04 | |
| 215 | @a183页@c@d21cm | |
| 314 | @a松井忠三, 现任良品计划株式会社会长。1949年生于日本静冈县。刘格安, 台湾政治大学毕业, 现为专职译者。 | |
| 330 | @a本书是一手打造无印良品神话的松井忠三经济管理笔记。书中, 作者的工作方式、管理方法、决策要诀、人生哲学全面公开。作者用了四十年, 淬炼出独到的工作与人生哲学, 亲笔与读者分享! 阅读本书, 读者将找到属于自己的人生方向, 获得带领组织、培育下属的灵感与原则, 更会学到做出宏观决策的精要。 | |
| 606 | 0 | @a轻工业@Aqing gong ye@x工业企业管理@x经验@y日本 |
| 690 | @aF431.368@v5 | |
| 701 | 0 | @a松井忠三@Asong jing zhong san@4著 |
| 702 | 0 | @a刘格安@Aliu ge an@4译 |
| 801 | 0 | @aCN@b人天书店@c20170504@g |
| 905 | @aBZT@dF431.368@e1 | |
| 906 | @dCNY38.00@n3@r1 | |
| 无印良品管理笔记/(日) 松井忠三著/刘格安译.-北京:北京联合出版公司,2017.04 |
| 183页;21cm |
| ISBN 978-7-5502-9468-4:CNY38.00 |
| 本书是一手打造无印良品神话的松井忠三经济管理笔记。书中, 作者的工作方式、管理方法、决策要诀、人生哲学全面公开。作者用了四十年, 淬炼出独到的工作与人生哲学, 亲笔与读者分享! 阅读本书, 读者将找到属于自己的人生方向, 获得带领组织、培育下属的灵感与原则, 更会学到做出宏观决策的精要。 |
| ● |
| 相关链接 |
|
|
|
正题名:无印良品管理笔记
索取号:F431.368/1
 
预约/预借
| 序号 | 登录号 | 条形码 | 馆藏地/架位号 | 状态 | 备注 |
| 1 | 838920 | 2000838920 | 第二书库/ [索取号:F431.368/1] | 在馆 | |
| 2 | 838921 | 2000838921 | 第二书库/ [索取号:F431.368/1] | 在馆 | |
| 3 | 838922 | 2000838922 | 第二书库/ [索取号:F431.368/1] | 在馆 |